Dirección coral: la forja del director

Saved in:
Bibliographic Details
Main Author: Grau Dolcet, Alberto (Author)
Format: Book
Language:Spanish
Published: Caracas GGM 2005
Edition:1a. ed
Subjects:
Tags: Add Tag
No Tags, Be the first to tag this record!

MARC

LEADER 00000nam a2200000 a 4500
001 UCJ9400
003 CL-VaPUC
008 070316e20050000VE |||||||||||||||||spa|d
020 |a 9806925009 
082 0 4 |a 782.5  |b GRA  |2 21 
100 0 |a Grau Dolcet, Alberto  |e author  |9 519384 
245 1 0 |a Dirección coral: la forja del director 
250 |a 1a. ed 
300 |a 223 p 
942 |c BK 
945 |d 20070316 00:00:00  |a cmena 
260 |a Caracas  |b GGM  |c 2005 
650 0 |a Música coral   |9 327326 
650 0 |a Coros  |9 341002 
650 0 |a Enseñanza de la música  |9 339802 
650 0 |a Voces infantiles  |9 519385 
583 |a last modification  |c 20070316 00:00:00  |k Rodrigo Vera 
999 |c 324928  |d 324926 
952 |0 0  |1 0  |4 0  |6 782_500000000000000_GRA_2005  |7 0  |8 A  |9 405319  |a BIBEDU  |b BIBEDU  |d 2019-11-22  |i 4324889  |o 782.5 GRA 2005  |p 4324889  |r 2022-01-17  |w 2019-11-22  |y BK  |k MUS